000 00235nam a22000857a 4500
008 160708b xxu||||| |||| 00| 0 eng d
100 _92459
_a Tickoo, M.L
245 _aGuided Reading - XII
260 _aDelhi
_b Central Board of Sec.Edu.
_c1996
999 _c2130
_d2130